000 00687nas a2200241 4500
001 BR8804628
003 BR-BrBNA
005 20231205091246.0
007 ta
008 230509b bl.|||p| |||| 00| 00por d
040 _aBR-BrBNA
_bpor
_cBiblioteca Nacional de Agricultura
041 _a(Pt)
072 _aL40; P01; L10
100 1 _aMello, F.H. de (ed.)
245 1 _aEma [origem, caracteristicas, manejo, racas, serventia]
650 _aEMA
650 _aANATOMIA ANIMAL
650 _aMANEJO
650 _aRACA
773 0 _tGlobo Rural (Brazil)
_xISSN 0102-6178
_g(May 1987), v. 2(20) p. 56-60
_wBR8804628
909 _a202311
_bLúcia
_c55
_dLúcia Elande
942 _2AGRIS
_n0
_cANA
999 _c123935
_d123935